000 01349cam a2200313Ii 4500
001 repairmanualtype00volk
003 CaSfIA
005 20210118214847.0
007 cr||||
008 781207s1977 gw a 001 0 eng d
040 _aIGA
_cIGA
_dCaSfIA
035 _a(OCoLC)4427143
050 4 _aTL215.R2
_bR4 1977
092 _a629.28722
_bV921R2
110 2 _aVolkswagenwerk.
245 1 0 _aRepair manual, type 17 Rabbit, type 53 Scirocco /
_h[electronic resource]
_cVolkswagenwerk Aktiengesellschaft.
250 _a2d ed.
260 _aWolfsburg, Ger. :
_bVolkswagenwerk,
_cc1977.
300 _a513 p. in various pagings :
_bill. ;
_c29 cm.
500 _a"W42-007-130-1."
500 _aIncludes index.
650 0 _aRabbit automobile.
650 0 _aScirocco automobile.
856 4 1 _uhttp://www.archive.org/details/repairmanualtype00volk
_zFree eBook from the Internet Archive
856 4 2 _uhttp://www.openlibrary.org/books/OL24218262M
_zAdditional information and access via Open Library
942 _cEB
506 _fНеобхідна авторизація на https://archive.org/ (створення облікового запису безкоштовно)
506 _fНеобхідна авторизація на https://openlibrary.org/ (створення облікового запису безкоштовно)
999 _c543112
_d543112